[Event "2015 Calgary Invitational"]
[Site "Calgary"]
[Date "2015.11.01"]
[Round "6"]
[White "Kazmaier, Daniel"]
[Black "Wang, Jeff"]
[Result "1-0"]
[WhiteElo "2220"]
[BlackElo "1746"]
[PlyCount "57"]
[EventDate "2015.10.29"]
[EventType "tourn"]
[EventRounds "9"]
[EventCountry "CAN"]

1. d4 Nf6 2. Bg5 e6 3. Nd2 c5 4. e3 b6 5. c3 Bb7 6. f4 d6 7. Ngf3 Nbd7 8. Bd3
Qc7 9. Qe2 e5 10. e4 Be7 11. O-O h6 12. Bxf6 Bxf6 13. fxe5 dxe5 14. d5 a6 15.
a4 g5 16. Rf2 Be7 17. Raf1 f6 18. Ne1 h5 19. Nc2 Nf8 20. Nc4 Bd8 21. Rxf6 Bxf6
22. Rxf6 Nd7 23. Re6+ Kd8 24. Qe3 Rg8 25. Qf3 g4 26. Qf7 Rf8 27. Qe7+ Kc8 28.
Nxb6+ Nxb6 29. Qxf8+ 1-0

[Event "2015 Calgary Invitational"]
[Site "Calgary"]
[Date "2015.11.01"]
[Round "6"]
[White "Langer, Michael"]
[Black "Findlay, Ian"]
[Result "1-0"]
[WhiteElo "2190"]
[BlackElo "2293"]
[PlyCount "93"]
[EventDate "2015.10.29"]
[EventType "tourn"]
[EventRounds "9"]
[EventCountry "CAN"]

1. e4 c5 2. Nf3 d6 3. d4 cxd4 4. Nxd4 Nf6 5. Nc3 g6 6. Be3 Bg7 7. f3 Nc6 8. Qd2
O-O 9. Bc4 Bd7 10. O-O-O Ne5 11. Bb3 Rc8 12. h4 Nc4 13. Bxc4 Rxc4 14. g4 h5 15.
gxh5 Nxh5 16. Rhg1 b5 17. Rg5 b4 18. Nd5 e6 19. Rxh5 gxh5 20. Rg1 Kh7 21. Qd3
exd5 22. exd5+ Kh8 23. Qxc4 Qxh4 24. Qxb4 Be5 25. Nc6 Qxb4 26. Nxb4 h4 27. Nd3
h3 28. Nxe5 dxe5 29. Rg5 f6 30. Rh5+ Kg7 31. Rh4 Rh8 32. Rxh8 Kxh8 33. Bg1 Bb5
34. Kd2 Bc4 35. d6 Be6 36. Bh2 Kg7 37. Ke3 Kf7 38. f4 exf4+ 39. Bxf4 Ke8 40. a3
Kd7 41. b4 Kc6 42. Kd4 a6 43. c4 Bg4 44. a4 Be6 45. b5+ axb5 46. axb5+ Kb6 47.
Bh2 1-0

[Event "2015 Calgary Invitational"]
[Site "Calgary"]
[Date "2015.11.01"]
[Round "6"]
[White "Ng, Gary"]
[Black "Shi, Diwen"]
[Result "1-0"]
[WhiteElo "2182"]
[BlackElo "2151"]
[PlyCount "69"]
[EventDate "2015.10.29"]
[EventType "tourn"]
[EventRounds "9"]
[EventCountry "CAN"]

1. Nf3 Nf6 2. c4 e6 3. g3 b6 4. Bg2 Bb7 5. O-O Be7 6. Nc3 O-O 7. Re1 d5 8. cxd5
exd5 9. d4 Nbd7 10. Bf4 Nh5 11. Be3 c6 12. Ne5 Bd6 13. Nd3 Re8 14. b4 Ndf6 15.
b5 Qd7 16. bxc6 Bxc6 17. Qb3 Qf5 18. Nb4 Bxb4 19. Qxb4 Ng4 20. Nd1 Nxe3 21.
Nxe3 Qe6 22. Rac1 Nf6 23. Rc2 Rac8 24. a4 Ne4 25. Bxe4 dxe4 26. Rec1 Bb7 27. a5
Rcd8 28. Rc7 bxa5 29. Qxb7 Rxd4 30. Qxa7 Rd2 31. Qxa5 Rxe2 32. Qf5 Qa2 33. Rc8
Rf8 34. Rxf8+ Kxf8 35. Rc8+ 1-0

[Event "2015 Calgary Invitational"]
[Site "Calgary"]
[Date "2015.11.02"]
[Round "7"]
[White "Bakre, Tejas"]
[Black "Kazmaier, Daniel"]
[Result "1-0"]
[WhiteElo "2438"]
[BlackElo "2220"]
[PlyCount "89"]
[EventDate "2015.10.29"]
[EventType "tourn"]
[EventRounds "9"]
[EventCountry "CAN"]

1. Nf3 f5 2. d4 Nf6 3. g3 e6 4. Bg2 d5 5. c4 c6 6. O-O Bd6 7. b3 Qe7 8. Bb2 O-O
9. Qc1 b6 10. Ba3 c5 11. Nc3 Bd7 12. dxc5 bxc5 13. Nh4 Bc6 14. cxd5 Nxd5 15.
Nxd5 exd5 16. Rd1 d4 17. Qc4+ Kh8 18. Bxc6 Nxc6 19. Qd5 Ne5 20. Rxd4 Rad8 21.
Rdd1 Ng4 22. Qc4 f4 23. Nf3 h5 24. Rd5 Nf6 25. Rxd6 Rxd6 26. Bxc5 fxg3 27. hxg3
Ng4 28. Bxd6 Qxd6 29. Rc1 Qf6 30. Qc5 h4 31. Qh5+ Nh6 32. Qxh4 Qa6 33. Qc4 Qxa2
34. Nh4 Rf6 35. Qc8+ Ng8 36. Qc2 Qa6 37. e4 Ne7 38. Qc5 Qe2 39. Qxe7 Qxf2+ 40.
Kh1 Qxg3 41. Qe8+ Kh7 42. Qh5+ Rh6 43. Qf5+ g6 44. Qf7+ Kh8 45. Rc8# 1-0

[Event "2015 Calgary Invitational"]
[Site "Calgary"]
[Date "2015.11.02"]
[Round "7"]
[White "Findlay, Ian"]
[Black "Haessel, Dale"]
[Result "0-1"]
[WhiteElo "2293"]
[BlackElo "2195"]
[PlyCount "46"]
[EventDate "2015.10.29"]
[EventType "tourn"]
[EventRounds "9"]
[EventCountry "CAN"]

1. e4 e5 2. Nf3 Nc6 3. Bb5 Nf6 4. d3 Bc5 5. O-O Nd4 6. Nxd4 Bxd4 7. c3 Bb6 8.
Bg5 h6 9. Bh4 c6 10. Ba4 d6 11. Nd2 g5 12. Bg3 h5 13. h3 h4 14. Bh2 g4 15. hxg4
Bxg4 16. Qe1 Qe7 17. Kh1 O-O-O 18. f3 Nh5 19. Rf2 Ng3+ 20. Kg1 Be6 21. Nf1 Rdg8
22. Bd1 Bxf2+ 23. Qxf2 Qg5 0-1

[Event "2015 Calgary Invitational"]
[Site "Calgary"]
[Date "2015.11.02"]
[Round "7"]
[White "Sevillano, Enrico"]
[Black "Langer, Michael"]
[Result "1-0"]
[WhiteElo "2463"]
[BlackElo "2190"]
[PlyCount "79"]
[EventDate "2015.10.29"]
[EventType "tourn"]
[EventRounds "9"]
[EventCountry "CAN"]

1. e4 c5 2. Nf3 d6 3. Nc3 Nf6 4. Bc4 e6 5. O-O a6 6. a4 Nc6 7. Re1 Be7 8. Bf1
O-O 9. d4 cxd4 10. Nxd4 Qc7 11. Be3 Rd8 12. Qe2 b6 13. f3 Na5 14. Bf2 Bb7 15.
Nd1 Rac8 16. c3 g6 17. b4 Nc4 18. b5 d5 19. e5 Nd7 20. Bg3 Ra8 21. Nf2 axb5 22.
Nxb5 Qc8 23. Reb1 Bc6 24. Nd3 Bxb5 25. axb5 Qc7 26. Nb4 Bxb4 27. cxb4 Rdc8 28.
Qd1 Rxa1 29. Rxa1 Qd8 30. Rc1 Qg5 31. f4 Qf5 32. Qd4 g5 33. h3 gxf4 34. Bxf4
Nd6 35. Rc6 Ra8 36. Rxd6 Nc5 37. bxc5 bxc5 38. Qe3 Ra1 39. Rd8+ Kg7 40. Bh6+
1-0

[Event "2015 Calgary Invitational"]
[Site "Calgary"]
[Date "2015.11.02"]
[Round "7"]
[White "Shi, Diwen"]
[Black "Kavutskiy, Kostya"]
[Result "0-1"]
[WhiteElo "2151"]
[BlackElo "2349"]
[PlyCount "70"]
[EventDate "2015.10.29"]
[EventType "tourn"]
[EventRounds "9"]
[EventCountry "CAN"]

1. e4 c5 2. Nf3 e6 3. d4 cxd4 4. Nxd4 Nc6 5. Nc3 Qc7 6. Be3 a6 7. Qd2 Nf6 8. f4
Bb4 9. Bd3 Na5 10. a3 Bxc3 11. Qxc3 Qxc3+ 12. bxc3 d5 13. exd5 Nxd5 14. Bd2 Nb6
15. O-O Nbc4 16. Be1 Bd7 17. Nb3 Rc8 18. Rf3 O-O 19. Rg3 b5 20. Bf2 Nb7 21. Rd1
Bc6 22. Nd4 Bd5 23. f5 Nb2 24. Rc1 Nxd3 25. cxd3 e5 26. Nf3 f6 27. Nd2 Nd6 28.
Rh3 Nxf5 29. g4 Ne7 30. Re3 Be6 31. Re4 Nd5 32. c4 Nf4 33. d4 Bxg4 34. dxe5
fxe5 35. Rf1 bxc4 0-1

[Event "2015 Calgary Invitational"]
[Site "Calgary"]
[Date "2015.11.02"]
[Round "7"]
[White "Wang, Jeff"]
[Black "Ng, Gary"]
[Result "0-1"]
[WhiteElo "1746"]
[BlackElo "2182"]
[PlyCount "104"]
[EventDate "2015.10.29"]
[EventType "tourn"]
[EventRounds "9"]
[EventCountry "CAN"]

1. e4 c6 2. d4 d5 3. exd5 cxd5 4. Bd3 Nc6 5. c3 Qc7 6. Nf3 Bg4 7. Nbd2 e6 8.
O-O Bd6 9. h3 Bh5 10. Re1 Nge7 11. Qe2 Rc8 12. Nf1 h6 13. Qe3 Bg6 14. Nh4 Bxd3
15. Qxd3 O-O 16. Ng3 Bxg3 17. Qxg3 Qxg3 18. fxg3 b5 19. b4 a5 20. a3 Ra8 21.
Bd2 Nc8 22. Reb1 Nd6 23. Nf3 Ra7 24. Ne5 Nxe5 25. dxe5 Nc4 26. Be1 Nxe5 27.
bxa5 Nc4 28. Rxb5 Rfa8 29. a4 Nxa5 30. Bf2 Ra6 31. Bd4 Nc4 32. Kh2 Rxa4 33. Rf1
Nd2 34. Rf4 Ra1 35. Rb7 Nf1+ 36. Kh1 Nxg3+ 37. Kh2 Nf1+ 38. Kh1 Ne3+ 39. Kh2
Nf5 40. Bf2 R1a4 41. Rf3 h5 42. Rd7 g6 43. Bb6 Rc8 44. Bd4 h4 45. Bf6 Rac4 46.
Rf1 R4c7 47. Rxc7 Rxc7 48. Rb1 Rc8 49. Rb4 Kh7 50. Kg1 Kh6 51. Rb7 g5 52. Be5
Kg6 0-1

[Event "2015 Calgary Invitational"]
[Site "Calgary"]
[Date "2015.11.03"]
[Round "8"]
[White "Haessel, Dale"]
[Black "Sevillano, Enrico"]
[Result "1/2-1/2"]
[WhiteElo "2195"]
[BlackElo "2463"]
[PlyCount "62"]
[EventDate "2015.10.29"]
[EventType "tourn"]
[EventRounds "9"]
[EventCountry "CAN"]

1. d4 Nf6 2. c4 c5 3. d5 e6 4. Nc3 exd5 5. cxd5 d6 6. Nf3 g6 7. h3 Bg7 8. Bf4
O-O 9. e3 Re8 10. Nd2 b6 11. a4 Bf5 12. Bb5 Bd7 13. Be2 Bf5 14. O-O h6 15. Bb5
Bd7 16. Bd3 Bc8 17. Bb5 Bd7 18. Be2 Bc8 19. Qc2 Na6 20. Qb3 Nb4 21. Rfe1 a6 22.
Bf1 Ra7 23. e4 Rae7 24. f3 Kh7 25. Nc4 Nh5 26. Bh2 Bd4+ 27. Kh1 Be5 28. Nxe5
dxe5 29. g3 Qd6 30. Rad1 Rd8 31. Rd2 Bb7 1/2-1/2

[Event "2015 Calgary Invitational"]
[Site "Calgary"]
[Date "2015.11.03"]
[Round "8"]
[White "Kavutskiy, Kostya"]
[Black "Langer, Michael"]
[Result "1-0"]
[WhiteElo "2349"]
[BlackElo "2190"]
[PlyCount "63"]
[EventDate "2015.10.29"]
[EventType "tourn"]
[EventRounds "9"]
[EventCountry "CAN"]

1. d4 Nf6 2. c4 c5 3. d5 b5 4. Qc2 bxc4 5. e4 e6 6. Bxc4 exd5 7. exd5 Be7 8.
Ne2 O-O 9. Nbc3 d6 10. O-O Nbd7 11. Ng3 Nb6 12. b3 Nxc4 13. bxc4 Rb8 14. Re1
Qd7 15. Bf4 Rb4 16. Qe2 Re8 17. a3 Rb6 18. Rab1 Bf8 19. Qc2 Rxe1+ 20. Rxe1 Qg4
21. Qc1 Ba6 22. h3 Qg6 23. Nce4 Nxe4 24. Rxe4 Rb3 25. Qe1 h5 26. h4 Bc8 27. Kh2
Bd7 28. f3 Rxa3 29. Qb1 Qf6 30. Bg5 Qc3 31. Qb7 f5 32. Re3 1-0

[Event "2015 Calgary Invitational"]
[Site "Calgary"]
[Date "2015.11.03"]
[Round "8"]
[White "Kazmaier, Daniel"]
[Black "Findlay, Ian"]
[Result "0-1"]
[WhiteElo "2220"]
[BlackElo "2293"]
[PlyCount "126"]
[EventDate "2015.10.29"]
[EventType "tourn"]
[EventRounds "9"]
[EventCountry "CAN"]

1. e4 c5 2. Nf3 d6 3. c3 Nf6 4. Be2 g6 5. O-O Bg7 6. d3 O-O 7. Bg5 h6 8. Bh4 g5
9. Bg3 Nh5 10. Nbd2 Nc6 11. Nb3 Qb6 12. Nfd2 Nxg3 13. hxg3 f5 14. exf5 Bxf5 15.
Nc4 Qd8 16. Ne3 Bg6 17. d4 cxd4 18. cxd4 e5 19. d5 Nd4 20. Bg4 Qb6 21. Nc4 Qb4
22. Nxd4 exd4 23. Rc1 Kh8 24. Be6 Rad8 25. a3 Qb5 26. Qg4 Bd3 27. Nd2 Bxf1 28.
Rxf1 Qxb2 29. Ne4 d3 30. Nxg5 Qe2 31. Nf3 d2 32. Qa4 Rxf3 33. gxf3 Qxf3 34. Qa5
Rf8 35. Qxd2 Qxa3 36. Rc1 Qb2 37. Qe3 Qd4 38. Qe2 a5 39. Kg2 b5 40. Rd1 Qc5 41.
g4 Qc4 42. Rd3 Qf4 43. Rf3 Qxf3+ 44. Qxf3 Rxf3 45. Kxf3 a4 46. Bf5 b4 47. Bd3
b3 48. Bc4 Kg8 49. Ke4 Kf7 50. Kf5 Bd4 51. f4 Bf6 52. g5 hxg5 53. fxg5 Be5 54.
g6+ Ke7 55. Kg5 Bg7 56. Kf5 Bf6 57. Ke4 Kd8 58. Kf5 Be5 59. Ke6 Kc7 60. Ke7 Kb6
61. g7 Bxg7 62. Kxd6 Bf8+ 63. Ke5 Kc5 0-1

[Event "2015 Calgary Invitational"]
[Site "Calgary"]
[Date "2015.11.03"]
[Round "8"]
[White "Ng, Gary"]
[Black "Bakre, Tejas"]
[Result "0-1"]
[WhiteElo "2182"]
[BlackElo "2438"]
[PlyCount "200"]
[EventDate "2015.10.29"]
[EventType "tourn"]
[EventRounds "9"]
[EventCountry "CAN"]

1. Nf3 c5 2. c4 Nc6 3. Nc3 Nf6 4. g3 d6 5. d4 cxd4 6. Nxd4 g6 7. Bg2 Bd7 8. Nc2
Bg7 9. O-O O-O 10. b3 a6 11. Bb2 Qa5 12. Nd5 Nxd5 13. Bxg7 Nc3 14. Bxc3 Qxc3
15. Ne3 Be6 16. Qc1 Qe5 17. Rd1 Rfc8 18. Qd2 b5 19. Rac1 Bd7 20. c5 Rab8 21.
cxd6 e6 22. Ng4 Qg7 23. Bxc6 Rxc6 24. Rxc6 Bxc6 25. d7 Rd8 26. Qa5 Rxd7 27.
Qd8+ Rxd8 28. Rxd8+ Qf8 29. Nf6+ Kg7 30. Rxf8 Kxf8 31. Nxh7+ Ke7 32. Ng5 f6 33.
Nf3 Kd6 34. a3 Kc5 35. Kf1 b4 36. a4 Bxf3 37. exf3 Kd4 38. h4 Kc3 39. g4 Kxb3
40. h5 gxh5 41. gxh5 Kxa4 42. h6 b3 43. h7 b2 44. h8=Q b1=Q+ 45. Kg2 Qg6+ 46.
Kh2 a5 47. Qb8 Qh5+ 48. Kg2 Qg5+ 49. Kh3 Qd5 50. Qf4+ Kb3 51. Qe3+ Kc4 52. Qc1+
Kb5 53. Qb2+ Ka6 54. Qe2+ Kb6 55. Qe3+ Kc6 56. Qa3 Qb5 57. Kg2 Qb4 58. Qe3 Qc4
59. Qh6 a4 60. Qxf6 a3 61. Qd8 a2 62. Qa8+ Kc5 63. Qa5+ Kc6 64. Qa8+ Kb5 65.
Qb7+ Ka4 66. Qa7+ Kb3 67. Qe3+ Kc2 68. Qe5 Qa6 69. Qc5+ Kb3 70. Qe3+ Kb4 71.
Qd4+ Qc4 72. Qb6+ Kc3 73. Qe3+ Kc2 74. Qe5 Qd5 75. Qe2+ Kb3 76. Qe3+ Kc4 77.
Qc1+ Kb5 78. Qb2+ Kc6 79. Qc3+ Qc5 80. Qf6 Qc4 81. Qe5 Kb7 82. Qb2+ Ka6 83. Qe5
Qd5 84. Qe2+ Ka7 85. Qb2 e5 86. Qa3+ Kb6 87. Qb4+ Kc7 88. Qe7+ Kc6 89. Qe8+ Kc5
90. Qe7+ Kb5 91. Qa3 Qg8+ 92. Kf1 Qc4+ 93. Kg2 Qc2 94. Qa7 Qg6+ 95. Kh2 Qa6 96.
Qd7+ Kc4 97. Qc7+ Kd3 98. Qh7+ Kd2 99. Qd7+ Ke2 100. Qf5 a1=Q 0-1

[Event "2015 Calgary Invitational"]
[Site "Calgary"]
[Date "2015.11.03"]
[Round "8"]
[White "Shi, Diwen"]
[Black "Wang, Jeff"]
[Result "1-0"]
[WhiteElo "2182"]
[BlackElo "1746"]
[PlyCount "89"]
[EventDate "2015.10.29"]
[EventType "tourn"]
[EventRounds "9"]
[EventCountry "CAN"]

1. e4 c5 2. Nf3 d6 3. d4 cxd4 4. Nxd4 Nf6 5. Nc3 g6 6. Be3 Bg7 7. f3 O-O 8. Qd2
Nc6 9. O-O-O d5 10. Qe1 e5 11. Nxc6 bxc6 12. exd5 Nxd5 13. Bb5 Qc7 14. Nxd5
cxd5 15. Rxd5 Be6 16. Rc5 Qe7 17. Kb1 Rab8 18. c3 Rfd8 19. Qe2 Qd6 20. Bc4 Bf5+
21. Ka1 Qf6 22. h4 h6 23. g4 Be6 24. g5 Bxc4 25. Rxc4 Qa6 26. gxh6 Bh8 27. Bg5
Rd5 28. Re4 Qd6 29. h5 f6 30. Bc1 g5 31. Ra4 a5 32. Qc2 Rd3 33. Rxa5 Qd7 34.
Ra7 Qf5 35. Rf1 e4 36. h7+ Kf8 37. Qa4 Qc5 38. Ra8 Rdd8 39. Rxb8 Rxb8 40. fxe4
Qb6 41. e5 Rb7 42. exf6 Kf7 43. Qe4 Qb5 44. Qg6+ Ke6 45. f7+ 1-0

[Event "2015 Calgary Invitational"]
[Site "Calgary"]
[Date "2015.11.04"]
[Round "9"]
[White "Bakre, Tejas"]
[Black "Shi, Diwen"]
[Result "1-0"]
[WhiteElo "2438"]
[BlackElo "2151"]
[PlyCount "61"]
[EventDate "2015.10.29"]
[EventType "tourn"]
[EventRounds "9"]
[EventCountry "CAN"]

1. Nf3 Nf6 2. c4 Nc6 3. d4 e6 4. a3 d6 5. Nc3 g6 6. e4 Bg7 7. d5 Ne7 8. Be2 O-O
9. O-O Nd7 10. dxe6 fxe6 11. Nd4 Nc5 12. Be3 e5 13. Nb3 b6 14. Nxc5 bxc5 15. b4
cxb4 16. axb4 a6 17. Nd5 Nc6 18. Nb6 cxb6 19. Qd5+ Rf7 20. Qxc6 Rb8 21. Rfd1
Rd7 22. Bg4 Rc7 23. Rxd6 Rxc6 24. Rxd8+ Kf7 25. b5 axb5 26. Ra7+ Kf6 27. cxb5
Bxg4 28. Rxb8 Rd6 29. Rxb6 Rxb6 30. Bxb6 Be2 31. Bd8+ 1-0

[Event "2015 Calgary Invitational"]
[Site "Calgary"]
[Date "2015.11.04"]
[Round "9"]
[White "Findlay, Ian"]
[Black "Ng, Gary"]
[Result "0-1"]
[WhiteElo "2293"]
[BlackElo "2182"]
[PlyCount "74"]
[EventDate "2015.10.29"]
[EventType "tourn"]
[EventRounds "9"]
[EventCountry "CAN"]

1. e4 c6 2. d4 d5 3. exd5 cxd5 4. c4 Nf6 5. Nc3 e6 6. Nf3 Bb4 7. cxd5 Nxd5 8.
Bd2 Nc6 9. Bd3 Be7 10. a3 O-O 11. O-O Bf6 12. Be3 Nce7 13. Qc2 g6 14. Rfd1 Bg7
15. Bg5 Qb6 16. Rac1 Bd7 17. Be4 h6 18. Bh4 g5 19. Bg3 Nxc3 20. Qxc3 Rac8 21.
Bc7 Qa6 22. Qc5 Rfe8 23. Qd6 Bc6 24. Bxc6 Nxc6 25. h4 gxh4 26. Nxh4 Qe2 27. b4
Qg4 28. Nf3 Ne7 29. Qd7 Nf5 30. Be5 Rcd8 31. Qxb7 Nxd4 32. Bxd4 Bxd4 33. Nxd4
Rxd4 34. Rxd4 Qxd4 35. g3 Rd8 36. Rc7 Qa1+ 37. Kh2 Rd5 0-1

[Event "2015 Calgary Invitational"]
[Site "Calgary"]
[Date "2015.11.04"]
[Round "9"]
[White "Sevillano, Enrico"]
[Black "Kazmaier, Daniel"]
[Result "1-0"]
[WhiteElo "2463"]
[BlackElo "2220"]
[PlyCount "65"]
[EventDate "2015.10.29"]
[EventType "tourn"]
[EventRounds "9"]
[EventCountry "CAN"]

1. e4 d6 2. d4 Nf6 3. Nc3 g6 4. Nf3 Bg7 5. Be2 O-O 6. O-O c6 7. h3 Nbd7 8. a4
a5 9. Re1 Qc7 10. Be3 e5 11. dxe5 dxe5 12. Bc4 Re8 13. Ng5 Re7 14. Qd2 Nf8 15.
Rad1 Be6 16. Nxe6 Nxe6 17. Qd6 Qxd6 18. Rxd6 Ne8 19. Rd2 Nd4 20. Nb1 Nd6 21.
Ba2 Nxe4 22. Bxd4 Nxd2 23. Nxd2 Rd7 24. Be3 b5 25. Ne4 bxa4 26. Nc5 Rd6 27.
Nxa4 Rb8 28. Bb3 Bf6 29. Bb6 Rd7 30. Bxa5 Rb5 31. Bc3 Ra7 32. f4 Re7 33. Kf1
1-0

[Event "2015 Calgary Invitational"]
[Site "Calgary"]
[Date "2015.11.04"]
[Round "9"]
[White "Wang, Jeff"]
[Black "Kavutskiy, Kostya"]
[Result "0-1"]
[WhiteElo "1746"]
[BlackElo "2349"]
[PlyCount "110"]
[EventDate "2015.10.29"]
[EventType "tourn"]
[EventRounds "9"]
[EventCountry "CAN"]

1. e4 c5 2. Nf3 e6 3. d4 cxd4 4. Nxd4 Nc6 5. Nc3 Qc7 6. f4 a6 7. Nxc6 bxc6 8.
Bd3 d5 9. O-O Nf6 10. b3 Be7 11. Bb2 O-O 12. e5 Nd7 13. Qh5 g6 14. Qh3 Bb7 15.
Nd1 c5 16. c4 dxc4 17. Bxc4 Nb6 18. Ne3 Nxc4 19. Nxc4 Bd5 20. Ne3 f5 21. exf6
Bxf6 22. Bxf6 Rxf6 23. Ng4 Rff8 24. Qc3 Qg7 25. Qxc5 Rac8 26. Qf2 g5 27. Ne3
Be4 28. f5 exf5 29. Nc4 Rcd8 30. Rfd1 f4 31. Qb6 Rxd1+ 32. Rxd1 Qf6 33. Qxf6
Rxf6 34. Kf2 h5 35. h3 g4 36. hxg4 hxg4 37. Rd6 Kg7 38. Rxf6 Kxf6 39. a4 Bd5
40. Na5 Ke5 41. b4 Kd4 42. b5 axb5 43. axb5 Kc5 44. Nc6 Bxc6 45. bxc6 Kxc6 46.
Ke2 Kd5 47. Ke1 Ke4 48. Kf2 Kd3 49. Ke1 Ke3 50. Kf1 g3 51. Ke1 Kd3 52. Kf1 Kd2
53. Kg1 Ke1 54. Kh1 f3 55. gxf3 Kf2 0-1

[Event "2015 Edmonton Fall Sectional A"]
[Site "Edmonton"]
[Date "2015.11.06"]
[Round "1"]
[White "Tran-Ly, Tristan"]
[Black "Briones, Dante"]
[Result "1-0"]
[WhiteElo "2095"]
[BlackElo "1996"]
[PlyCount "95"]
[EventDate "2015.11.06"]
[EventType "tourn"]
[EventRounds "5"]
[EventCountry "CAN"]

1. d4 f5 2. g3 Nf6 3. Bg2 d5 4. Nf3 e6 5. O-O c5 6. c4 Be7 7. cxd5 Nxd5 8. dxc5
Bxc5 9. Nbd2 O-O 10. e4 fxe4 11. Nxe4 Be7 12. Qe2 Qb6 13. Re1 h6 14. Ne5 Nc6
15. Ng6 Rf7 16. Nxe7+ Ncxe7 17. b3 Bd7 18. Be3 Nxe3 19. Qxe3 Qxe3 20. Rxe3 Nd5
21. Re2 Bb5 22. Rd2 Nf6 23. Nd6 Rd7 24. Bh3 Rxd6 25. Rxd6 e5 26. Rad1 e4 27.
Rd8+ Rxd8 28. Rxd8+ Kf7 29. Bf1 Bc6 30. h3 Ke7 31. Rd4 Ke6 32. b4 Ke5 33. Rc4
Nd7 34. Be2 a6 35. Kf1 Kd5 36. Rc1 Kd4 37. Bxa6 Ne5 38. Be2 g5 39. Ke1 b5 40.
Kd2 h5 41. h4 gxh4 42. gxh4 Bd5 43. a3 Bc4 44. Bxh5 Nd3 45. Rg1 Nxf2 46. Be2
Be6 47. Bxb5 e3+ 48. Ke1 1-0

[Event "2015 Edmonton Fall Sectional A"]
[Site "Edmonton"]
[Date "2015.11.06"]
[Round "1"]
[White "Zeggelaar, Mike"]
[Black "Villavieja, Butch"]
[Result "1-0"]
[WhiteElo "2069"]
[BlackElo "2172"]
[PlyCount "133"]
[EventDate "2015.11.06"]
[EventType "tourn"]
[EventRounds "5"]
[EventCountry "CAN"]

1. e4 d6 2. d4 g6 3. Nc3 Bg7 4. f4 Nc6 5. Be3 Nf6 6. Nf3 d5 7. e5 Ng4 8. Qd2
Nxe3 9. Qxe3 a6 10. a3 Bg4 11. Be2 e6 12. O-O Ne7 13. Nd2 h5 14. Nf3 Nf5 15.
Qd2 Qe7 16. Nd1 c5 17. c3 Bh6 18. Kh1 Rc8 19. b4 c4 20. Ra2 h4 21. Kg1 Qd8 22.
Ne1 Bxe2 23. Qxe2 g5 24. fxg5 Qxg5 25. Qf3 Rh7 26. Qh3 Kd7 27. Raf2 Kc7 28. Nf3
Qe7 29. Ne1 Rg8 30. Nc2 Qg5 31. Rf3 Rhg7 32. R3f2 Kb8 33. a4 Qg6 34. a5 Bc1 35.
Nde3 Bxe3 36. Nxe3 Ng3 37. hxg3 hxg3 38. Rf6 Qd3 39. R1f3 Rh7 40. Rh6 Rgh8 41.
Ng4 Rxh6 42. Nxh6 Qd1+ 43. Rf1 Qd2 44. Qxg3 Qxh6 45. Rxf7 Qh1+ 46. Kf2 Ka7 47.
Qg5 Rh5 48. Qe7 Rf5+ 49. Rxf5 exf5 50. Qc5+ Kb8 51. Qf8+ Ka7 52. Qxf5 Qd1 53.
Qf3 Qd2+ 54. Kg3 Qg5+ 55. Kh3 Qh6+ 56. Kg4 Qg6+ 57. Kf4 Qh6+ 58. Kf5 Qh7+ 59.
Kf6 Qh6+ 60. Ke7 Qg7+ 61. Qf7 Qxg2 62. Kd6 Qd2 63. Qxd5 Qxc3 64. Qc5+ Ka8 65.
Kc7 Qf3 66. Qxc4 Qf8 67. Qe6 1-0

[Event "2015 Edmonton Fall Sectional A"]
[Site "Edmonton"]
[Date "2015.11.07"]
[Round "2"]
[White "Briones, Dante"]
[Black "Zeggelaar, Mike"]
[Result "0-1"]
[WhiteElo "1996"]
[BlackElo "2069"]
[PlyCount "48"]
[EventDate "2015.11.06"]
[EventType "tourn"]
[EventRounds "5"]
[EventCountry "CAN"]

1. e4 c5 2. Nf3 d6 3. d4 cxd4 4. Nxd4 Nf6 5. Nc3 g6 6. f4 Bg7 7. Be2 O-O 8. Be3
Nc6 9. Nb3 a5 10. a4 Be6 11. O-O Bxb3 12. cxb3 Rc8 13. Qd2 Nb4 14. Rfd1 Rxc3
15. Qxc3 Nfd5 16. exd5 Bxc3 17. bxc3 Nc2 18. Bd4 Nxa1 19. Rxa1 e5 20. fxe5 dxe5
21. Bc5 Qxd5 22. b4 Rc8 23. Bb6 axb4 24. cxb4 Qd2 0-1

[Event "2015 Edmonton Fall Sectional A"]
[Site "Edmonton"]
[Date "2015.11.07"]
[Round "2"]
[White "Nguyen, Kim"]
[Black "Tran-Ly, Tristan"]
[Result "1/2-1/2"]
[WhiteElo "2096"]
[BlackElo "2095"]
[PlyCount "56"]
[EventDate "2015.11.06"]
[EventType "tourn"]
[EventRounds "5"]
[EventCountry "CAN"]

1. e4 c5 2. Nf3 g6 3. c4 Nc6 4. d4 cxd4 5. Nxd4 Nf6 6. Nc3 d6 7. Be2 Nxd4 8.
Qxd4 Bg7 9. Be3 O-O 10. Qd2 Be6 11. Rc1 Qa5 12. O-O Rfc8 13. b3 a6 14. f3 b5
15. Nd5 Qxd2 16. Bxd2 Bxd5 17. exd5 bxc4 18. Bxc4 Nd7 19. Be3 Bb2 20. Rc2 Ba3
21. Re1 f6 22. f4 Kf7 23. Kf2 Bb4 24. Rec1 Ba3 25. Re1 Bb4 26. Rec1 Ba3 27. Re1
Bc5 28. Rec1 Ba3 1/2-1/2

[Event "2015 Edmonton Fall Sectional A"]
[Site "Edmonton"]
[Date "2015.11.07"]
[Round "2"]
[White "Razzaq, Ali"]
[Black "Villavieja, Butch"]
[Result "0-1"]
[WhiteElo "2034"]
[BlackElo "2172"]
[PlyCount "46"]
[EventDate "2015.11.06"]
[EventType "tourn"]
[EventRounds "5"]
[EventCountry "CAN"]

1. d4 Nf6 2. Nf3 g6 3. Bf4 Bg7 4. e3 O-O 5. Be2 d6 6. h3 Nc6 7. O-O Nd7 8. Bg5
h6 9. Bh4 g5 10. Bg3 f5 11. Qd2 e5 12. d5 Ne7 13. c4 Nf6 14. Nc3 f4 15. Bh2 Bf5
16. b4 Kh8 17. Rfd1 Bh7 18. Qb2 Nf5 19. exf4 gxf4 20. Nd2 Nd4 21. Bf3 e4 22.
Bg4 Nxg4 23. hxg4 Ne2+ 0-1

[Event "2015 Edmonton Fall Sectional A"]
[Site "Edmonton"]
[Date "2015.11.07"]
[Round "3"]
[White "Tran-Ly, Tristan"]
[Black "Razzaq, Ali"]
[Result "1/2-1/2"]
[WhiteElo "2095"]
[BlackElo "2034"]
[PlyCount "127"]
[EventDate "2015.11.06"]
[EventType "tourn"]
[EventRounds "5"]
[EventCountry "CAN"]

1. d4 d5 2. c4 e6 3. Nf3 Nf6 4. Nc3 c6 5. e3 Bd6 6. Qc2 Nbd7 7. Bd3 dxc4 8.
Bxc4 b5 9. Be2 Bb7 10. O-O O-O 11. Rd1 Qc7 12. e4 b4 13. Na4 e5 14. Nc5 Bxc5
15. dxc5 Rfe8 16. h3 h6 17. Be3 Nf8 18. Rd2 Ng6 19. Bf1 Nf4 20. Rad1 a5 21. g3
Ne6 22. Bc4 a4 23. Rd6 Nd4 24. Nxd4 exd4 25. R1xd4 Qe7 26. f3 Qe5 27. Bf4 Qh5
28. Kg2 Ra5 29. e5 Nd5 30. Bxd5 cxd5 31. c6 Ba6 32. R4xd5 Rxd5 33. Rxd5 Bf1+
34. Kxf1 Qxf3+ 35. Kg1 Qxd5 36. c7 Qb7 37. Qxa4 Rc8 38. e6 fxe6 39. Qd7 Qb6+
40. Kg2 Qb7+ 41. Kh2 Qa6 42. Qd2 Qb6 43. Be5 Rf8 44. Qd4 Rf2+ 45. Kg1 Qxd4 46.
Bxd4 Rf8 47. a3 bxa3 48. bxa3 g6 49. a4 Kf7 50. a5 Ra8 51. Kf2 Ke8 52. Ke3 Kd7
53. Bb6 Rf8 54. Kd4 Rf1 55. Ke4 Re1+ 56. Kf3 Ra1 57. h4 Ra4 58. Kf2 h5 59. Kf3
e5 60. Ke3 Rb4 61. Kf3 Ra4 62. Ke3 Rb4 63. Kf3 Ra4 64. Ke3 1/2-1/2

[Event "2015 Edmonton Fall Sectional A"]
[Site "Edmonton"]
[Date "2015.11.07"]
[Round "3"]
[White "Villavieja, Butch"]
[Black "Briones, Dante"]
[Result "1-0"]
[WhiteElo "2172"]
[BlackElo "1996"]
[PlyCount "69"]
[EventDate "2015.11.06"]
[EventType "tourn"]
[EventRounds "5"]
[EventCountry "CAN"]

1. e4 e6 2. d4 d5 3. e5 c5 4. Nf3 Nc6 5. Bd3 cxd4 6. a3 Qc7 7. Qe2 Nge7 8. O-O
Ng6 9. Re1 Be7 10. g3 Bd7 11. b4 a6 12. h4 Nf8 13. Nbd2 Na7 14. Nxd4 Ba4 15.
Bb2 Nd7 16. Qh5 g6 17. Qe2 Bc6 18. N2f3 h6 19. Bxg6 fxg6 20. Nxe6 Qc8 21. Ng7+
Kf8 22. Ne6+ Ke8 23. Qd3 Rg8 24. Nf4 Nb6 25. e6 Bb5 26. Qd4 Qd8 27. Nxg6 Bf6
28. Nge5 Nc6 29. Qf4 d4 30. e7 Qd6 31. Qf5 Nxe7 32. Qh5+ Rg6 33. Nxg6 Kd8 34.
Nxe7 Bxe7 35. Nxd4 1-0